000 00449nam a2200157Ia 4500
003 GCL
008 140319s9999 xx 000 0 ara d
040 _aGCL /
_cGCL
082 0 4 _a419
_bا ف
100 1 _aاحمد طه حسانين سلطان
245 1 0 _aفى مناهج البحث اللغوى /
_cاحمد طه حسانين سلطان
300 _a125 ص
490 _a
650 0 4 _aاللغة العربية, تاريخ
942 _2ddc
_cBK
999 _c37719
_d37719